000 00564nam a2200229Ia 4500
003 OSt
005 20221005120403.0
006 a|||||r|||| 00| 0
007 ta
008 221004b |||||||| |||| 00| 0 eng d
024 _a58003
037 _cTextual
040 _aCRL
_cCRL
_beng
041 _2eng
_aeng
082 _aV2:21wM22, C1
100 _aHunter William Wilson
_999281
245 0 _aEarl of Mayo
260 _c1891
650 _aHISTORY
942 _hV2:21wM22, C1
_cTEXL
_2cc
999 _c1037820
_d1037820